书目信息 |
| 题名: |
文学的意义
|
|
| 作者: | 扈永进 选编 | |
| 分册: | ||
| 出版信息: | 南京 江苏凤凰文艺出版社 2017 |
|
| 页数: | 303页 | |
| 开本: | 24cm | |
| 丛书名: | ||
| 单 册: | ||
| 中图分类: | G634.303 | |
| 科图分类: | ||
| 主题词: | 世界文学--文学欣赏--中学--课外读物 | |
| 电子资源: | ||
| ISBN: | 978-7-5399-9835-0 | |
| 000 | 01212nam0 2200241 450 | |
| 001 | 5680 | |
| 005 | 20180528220001.05 | |
| 010 | @a978-7-5399-9835-0@dCNY39.80 | |
| 100 | @a20170524d2017 em y0chiy50 ea | |
| 101 | 0 | @achi |
| 102 | @aCN@b320000 | |
| 105 | @ay z 000yy | |
| 200 | 1 | @a文学的意义@9wen xue de yi yi@f扈永进选编 |
| 210 | @a南京@c江苏凤凰文艺出版社@d2017 | |
| 215 | @a303页@d24cm | |
| 300 | @a国民教育通识读本·文学卷 | |
| 314 | @a扈永进,知名教育学者,中小学通识教育课程研制者与践行者。现居广州。著有《未经编辑的声音》《今日教育之民间立场》《走向批判的行动研究》等。 | |
| 330 | @a《文学的意义》是《国民教育通识读本》系列的文学卷,由知名教育学者、一线杰出教师扈永进精心选编,介绍并解读了22篇古今中外的经典文学名家名作。本书用透彻的眼光和独特的视角呈现了莎士比亚、卡夫卡、曹雪芹等文学巨匠的优秀作品,以及《荷马史诗》《安娜·卡列尼娜》《诗经》等文学巨著的独特内涵。另外,文中附有兼具深度与广度的编后絮语、精彩快读、背景介绍和延伸阅读等拓展版块,全面品读经典名作,打破传统语文的复刻教育,开启全新的思维方式。 | |
| 606 | 0 | @a世界文学@x文学欣赏@x中学@j课外读物 |
| 690 | @aG634.303@v5 | |
| 701 | 0 | @a扈永进@9hu yong jin@4选编 |
| 801 | 0 | @aCN@b91MARC@c20170524 |
| 905 | @aMuseLib@dG634.303@e1323 | |
| 文学的意义/扈永进选编.-南京:江苏凤凰文艺出版社,2017 |
| 303页;24cm |
| 国民教育通识读本·文学卷 |
| ISBN 978-7-5399-9835-0:CNY39.80 |
| 《文学的意义》是《国民教育通识读本》系列的文学卷,由知名教育学者、一线杰出教师扈永进精心选编,介绍并解读了22篇古今中外的经典文学名家名作。本书用透彻的眼光和独特的视角呈现了莎士比亚、卡夫卡、曹雪芹等文学巨匠的优秀作品,以及《荷马史诗》《安娜·卡列尼娜》《诗经》等文学巨著的独特内涵。另外,文中附有兼具深度与广度的编后絮语、精彩快读、背景介绍和延伸阅读等拓展版块,全面品读经典名作,打破传统语文的复刻教育,开启全新的思维方式。 |
| ● |
| 相关链接 |
|
|
|
|
正题名:文学的意义
索取号:G634.303/1323
 
预约/预借
| 序号 | 登录号 | 条形码 | 馆藏地/架位号 | 状态 | 备注 |
| 1 | 1114330 | 211143305 | 第一样本阅览室/ [索取号:G634.303/1323] | 在馆 | |
| 2 | 1114331 | 211143314 | 教育系资料室/ [索取号:G634.303/1323] | 在馆 | |
| 3 | 1114332 | 211143323 | 教育系资料室/ [索取号:G634.303/1323] | 在馆 | |
| 4 | 1114333 | 211143332 | 教育系资料室/ [索取号:G634.303/1323] | 在馆 | |
| 5 | 1114334 | 211143341 | 第四借阅区/ [索取号:G634.303/1323] | 在馆 | |
| 6 | 1114335 | 211143350 | 第四借阅区/ [索取号:G634.303/1323] | 在馆 |